000 00387nam a2200157Ia 4500
003 0STCL
008 150530s9999 xx 000 0 und d
040 _aSTCL
_cSTCL
100 _aYageen Thomas, P Ed
245 _aJournal of the Kerala Statistical Association Vol 15 Dec 2004
260 _c2004
546 _aEnglish
942 _2ddc
_cBK
999 _c20550
_d20550
005 20220125165904.0